Taylor Swift - Devine les chansons par le refrain #4 - Statistiques

Statistiques générales
  • Ce quiz a été pris 269 fois
  • Le résultat moyen est 10 sur 15
Statistiques - réponses
Hint Réponse % Correct
Say you'll remember meStandin' in a nice dress Starin' at the sunset, babe Red lips and rosy cheeks Say you'll see me again Even if it's just in your ***, ah, ha ***, ah, ha Wildest Dreams
96%
I'm so depressed, I act like it's my birthday every dayI'm so obsessed with him, but he avoids me like the plague I cry a lot, but I am so productive, it's an art You know you're good when you can even *** I Can Do It With a Broken Heart
95%
Losing him was blue like I'd never knownMissing him was dark gray, all alone (Woah) Forgetting him was like tryin' to know somebody you never met But loving him was *** (***, ***) (***, ***) But loving him was *** (***, ***) (***, ***) Red
94%
And I don't know how it gets better than thisYou take my hand and drag me head first, *** And I don't know why but with you, I'd dance In a storm in my best dress, *** Fearless
84%
***, ooh-ooh-ooh-oohI'm the only one of *** Baby, that's the fun of *** Eeh-eeh-eeh, ooh-ooh-ooh-ooh You're the only one of you Baby, that's the fun of you And I promise that nobody's gonna love you like *** ME!
84%
Come on, come on, don't leave me like thisI thought I had you figured out Something's gone terribly wrong You're all I wanted Come on, come on, don't leave me like this I thought I had you figured out Can't breathe whenever you're gone Can't turn back now, I'm *** Haunted
79%
And they said"There goes *** Who knows, if she never showed up, what could've been There goes the maddest woman this town has ever seen She had a marvelous time ruining everything" the last great american dynasty
77%
*** so I will go to secret gardens in my mindPeople need a key to get to, the only one is mine I read about it in a book when I was a precocious child No mid-sized city hopes and small-town fears I'm there most of the year 'cause *** *** I Hate It Here
70%
You left me, you left me no, oh, you left me noYou left me no choice but to stay here forever You left me, you left me no, oh, you left me no You left me no choice but to stay here forever Right Where You Left Me
69%
You ***, you should've gone homeYou should've thought twice 'fore you let it all go You should've known that word 'Bout what you did with her'd get back to me (Get back to me) And I should've been there in the back of your mind I shouldn't be asking myself why You shouldn't be begging for forgiveness at my feet You *** Baby, and you might still have me Should’ve Said No
65%
I wish I could flyI'd pick you up and we'd go back in time I'd write this in the sky I miss you like it was *** The Very First Night
62%
*** You always have been You’re on Your Own, Kid
54%
*** (Ooh)Made you the one I've fallen for Every dead-end street led you straight to me Now you're all I need, I'm so thankful for *** But I love you more All of The Girls You Loved Before
49%
And you said, "***When I wake up in the morning ***, when it's sunny or stormin' Laughin', when I'm cryin' And *** I'll be waitin' at the front gate ***, when I see your face I'll let you in and, baby, *** That’s When
24%
Ooh, ****** *** just *** *** just *** Ooh, *** *** *** just *** *** just *** Look What You Made Me Do
9%
Aucun quiz correspondant
Distribution des résultats
% des personnes avec chaque résultat
Percentile par nombre de réponses
Votre historique - résultats
Vous n’avez pas pris ce quiz